Les 30 plus gros transferts de la saison 2023/24 - Statistiques

Statistiques générales
  • Ce quiz a été pris 109 fois
    10 depuis la dernière actualisation
  • Le résultat moyen est 29 sur 30
Statistiques - réponses
Pays Club de départ Club d'arrivée Montant Joueur % Correct
Serbie FC Fulham Al-Hilal 52M€ Aleksandar Mitrović
100%
Cameroun Inter Milan Manchester United 50M€ André Onana
100%
Pays de Galles Nottingham Forrest Tottenham 55M€ Brennan Johnson
100%
France RB Leipzig Chelsea 60M€ Christopher Nkunku
100%
Angleterre West Ham Arsenal 116M€ Declan Rice
100%
Hongrie RB Leipzig Liverpool 70M€ Dominik Szoboszlai
100%
Portugal Benfica Lisbonne PSG 65M€ Gonçalo Ramos
100%
Angleterre Tottenham Bayern Munich 95M€ Harry Kane
100%
Belgique Stade Rennais Manchester City 60M€ Jérémy Doku
100%
Croatie RB Leipzig Manchester City 90M€ Joško Gvardiol
100%
Angleterre Borussia Dortmund Real Madrid 127M€ Jude Bellingham
100%
Allemagne Chelsea Arsenal 75M€ Kai Havertz
100%
Brésil Zénit St-Pb Al-Hilal 60M€ Malcom
100%
Uruguay Sporting CP PSG 60M€ Manuel Ugarte
100%
Angleterre Chelsea Manchester United 67M€ Mason Mount
100%
Portugal Wolverhampton Manchester City 62M€ Matheus Nunes
100%
Equateur Brighton Chelsea 116M€ Moisés Caicedo
100%
France Bayer Leverkusen Aston Villa 55M€ Moussa Diaby
100%
Brésil PSG Al-Hilal 90M€ Neymar Jr
100%
France FC Barcelone PSG 50M€ Ousmane Dembélé
100%
France Eintract Francfort PSG 95M€ Randal Kolo Muani
100%
Danemark Atalanta Bergame Manchester United 77M€ Rasmus Højlund
100%
Belgique Southampton Chelsea 62M€ Roméo Lavia
100%
Italie AC Milan Newcastle 58M€ Sandro Tonali
100%
Angleterre Manchester City Chelsea 47M€ Cole Palmer
88%
Brésil Liverpool Al-Ittihad 46M€ Fabinho
88%
Angleterre Leicester Tottenham 46M€ James Maddison
88%
Portugal Wolverhampton Al-Hilal 55M€ Rúben Neves
88%
Brésil Atlético Madrid Wolverhampton 50M€ Matheus Cunha
75%
Portugal FC Porto Al-Nassr 60M€ Otávio
63%
Aucun quiz correspondant
Distribution des résultats
% des personnes avec chaque résultat
Percentile par nombre de réponses
Votre historique - résultats
Vous n’avez pas pris ce quiz depuis la dernière actualisation